[Event "RUS-ch U20 Girls"]
[Site "Loo"]
[Date "2021.04.26"]
[Round "6"]
[White "Koroleva, Evgeniya"]
[Black "Badmaeva, Baina"]
[Result "0-1"]
[WhiteElo "1884"]
[BlackElo "1751"]
[PlyCount "62"]
[EventDate "2021.04.21"]
[EventType "swiss"]
[EventRounds "9"]
[EventCountry "RUS"]
[SourceTitle "CBM 202 Extra"]
[Source "ChessBase"]
[SourceDate "2021.07.31"]
[SourceVersion "1"]
[SourceVersionDate "2021.07.31"]
[SourceQuality "1"]

1. d4 Nf6 2. c4 d6 3. Nc3 g6 4. e4 Bg7 5. Be2 0-0 6. Bg5 Nc6 7. d5 Nb8 8. h4 Nbd7 9. Rb1 Nc5 10. f3 Nh5 11. g4 Ng3 12. Rh3 Be5 13. Bh6 f5 14. exf5 gxf5 15. Qd2 fxg4 16. fxg4 Kh8 17. Qe3 Nxe2 18. Qxe2 Rg8 19. Nf3 Bxc3+ 20. bxc3 Rxg4 21. Be3 Qg8 22. Ng5 Qg6 23. Rd1 Rxg5 24. Rh2 Re5 25. Bd4 Qg3+ 26. Kd2 Bg4 27. Rg1 Bxe2 28. Rxg3 Ne4+ 29. Ke3 Nxg3+ 30. Bxe5+ dxe5 31. Kf2 Rg8 0-1

[Event "RUS-ch U20 Girls"]
[Site "Loo"]
[Date "2021.04.22"]
[Round "2"]
[White "Bogdanova, Darya"]
[Black "Koroleva, Evgeniya"]
[Result "0-1"]
[WhiteElo "1762"]
[BlackElo "1884"]
[PlyCount "90"]
[EventDate "2021.04.21"]
[EventType "swiss"]
[EventRounds "9"]
[EventCountry "RUS"]
[SourceTitle "CBM 202 Extra"]
[Source "ChessBase"]
[SourceDate "2021.07.31"]
[SourceVersion "1"]
[SourceVersionDate "2021.07.31"]
[SourceQuality "1"]

1. d4 d5 2. c4 dxc4 3. Nf3 Nf6 4. e3 a6 5. Bxc4 e6 6. Qe2 c5 7. dxc5 Bxc5 8. 0-0 Qc7 9. e4 Ng4 10. e5 Nxf2 11. Nc3 Ne4+ 12. Kh1 Nxc3 13. bxc3 Be7 14. Nd4 Nc6 15. Bf4 Bd7 16. Rf3 Na5 17. Bd3 Qxc3 18. Nc2 Qc7 19. Rg3 g6 20. Rf1 Bc6 21. Bd2 Bd5 22. Qf2 0-0-0 23. Nb4 Nc6 24. Nxc6 Bxc6 25. Qxf7 Qd7 26. Bh6 Bd5 27. Qf4 Kb8 28. a4 Rc8 29. Rb1 Ka8 30. Be2 Rc7 31. Qf1 Rhc8 32. Be3 Bc5 33. Bxc5 Rxc5 34. Rg4 Qc7 35. Rd1 Rc1 36. Rgd4 Rxd1 37. Rxd1 Ka7 38. Qf4 Qc6 39. Bf3 Rd8 40. Rc1 Qb6 41. Be2 Qb2 42. Qe3+ Qb6 43. Qf4 Bc6 44. Qc4 Qf2 45. Qg4 h5 0-1

[Event "RUS-ch blitz (Women)"]
[Site "Sochi"]
[Date "2019.10.17"]
[Round "5"]
[White "Tomilova, Elena"]
[Black "Koroleva, Evgeniya"]
[Result "1-0"]
[WhiteElo "2345"]
[BlackElo "1855"]
[PlyCount "107"]
[EventDate "2019.10.17"]
[EventType "swiss (blitz)"]
[EventRounds "15"]
[EventCountry "RUS"]
[SourceTitle "CBM 192 Extra"]
[Source "Chessbase"]
[SourceDate "2019.11.06"]
[SourceVersion "1"]
[SourceVersionDate "2019.11.06"]
[SourceQuality "1"]

1. d4 d5 2. Bf4 c5 3. e3 Nf6 4. c3 Nc6 5. Nd2 Bf5 6. Qb3 Qb6 7. dxc5 Qxb3 8. Nxb3 e5 9. Bg3 Ne4 10. Bb5 Nxg3 11. hxg3 Bc2 12. Nf3 f6 13. c4 Bxb3 14. axb3 dxc4 15. b4 Kf7 16. Bxc4+ Ke7 17. b5 Nb4 18. Rd1 Ke8 19. Nh4 Bxc5 20. Ng6 hxg6 21. Rxh8+ Bf8 22. Be6 Ke7 23. Bb3 e4 24. Ke2 f5 25. f3 exf3+ 26. gxf3 Kf6 27. Rd7 Kg5 28. Rf7 Rc8 29. Rfxf8 Rc1 30. Kd2 Rg1 31. Rh3 a5 32. bxa6 Rg2+ 33. Kc3 Nxa6 34. f4+ Kg4 35. Rfh8 Kf3 36. Rh2 Rg1 37. R8h7 Nc5 38. Rxg7 Ne4+ 39. Kc2 Nxg3 40. Rxg6 Kxe3 41. Rh3 Kxf4 42. Rhxg3 Rxg3 43. Rxg3 Kxg3 44. Bd5 b6 45. Kc3 f4 46. Kb4 f3 47. Kb5 f2 48. Bc4 Kf4 49. Kxb6 Ke4 50. b4 Kd4 51. Bf1 Kd5 52. b5 Kd6 53. Ka7 Kd7 54. b6 1-0

[Event "Wch U14 Girls"]
[Site "Khanty-Mansiysk"]
[Date "2016.10.03"]
[Round "11"]
[White "Koroleva, Evgeniya"]
[Black "Schulze, Lara"]
[Result "1-0"]
[WhiteElo "1970"]
[BlackElo "2034"]
[PlyCount "161"]
[EventDate "2016.09.22"]
[EventType "swiss"]
[EventRounds "11"]
[EventCountry "RUS"]
[SourceTitle "EXT 2017"]
[Source "ChessBase"]
[SourceDate "2016.10.25"]
[SourceVersion "1"]
[SourceVersionDate "2016.10.25"]
[SourceQuality "1"]

1. d4 Nf6 2. c4 e6 3. Nf3 Bb4+ 4. Bd2 a5 5. g3 0-0 6. Qc2 d6 7. Bg2 Nbd7 8. 0-0 Bxd2 9. Nfxd2 e5 10. e3 c6 11. Nc3 Re8 12. Rad1 Qe7 13. a3 Nf8 14. b4 axb4 15. axb4 g6 16. d5 cxd5 17. cxd5 b5 18. Ra1 Bb7 19. Qd3 Qd7 20. Qxb5 Rec8 21. Qd3 Qc7 22. Rxa8 Bxa8 23. Rc1 Qb8 24. Rb1 N8d7 25. e4 Qa7 26. Ne2 Ng4 27. Qf3 h5 28. h3 Rc2 29. hxg4 Rxd2 30. gxh5 Kg7 31. hxg6 fxg6 32. Rc1 Qb7 33. Bf1 Rb2 34. Qc3 Rxb4 35. Bh3 Nf6 36. f3 Qb6+ 37. Kg2 Rb2 38. Rc2 Rxc2 39. Qxc2 Bb7 40. Bc8 Bxc8 41. Qxc8 Qe3 42. Qc7+ Kg8 43. Qd8+ Kf7 44. Qc7+ Kg8 45. Qc2 Kf7 46. Ng1 g5 47. Qf2 Qd3 48. g4 Kg6 49. Qe2 Qd4 50. Nh3 Nd7 51. Qb5 Nf6 52. Nf2 Qc3 53. Qb6 Qa3 54. Qc6 Qb4 55. Qc8 Nh7 56. Qd7 Kh6 57. Qc8 Kg7 58. Qc7+ Kg6 59. Kg3 Nf6 60. Qc1 Nh7 61. Nd3 Qd4 62. Nf2 Qb4 63. Qh1 Qd2 64. Qh5+ Kg7 65. Qe8 Qe1 66. Kg2 Qb4 67. Kg3 Qe1 68. Qe7+ Kg8 69. Qd8+ Kg7 70. Qc7+ Kg8 71. Qb8+ Kg7 72. Kg2 Qc3 73. Qxd6 Nf6 74. Qe7+ Kg6 75. Qe6 Kg7 76. Qf5 Nh7 77. d6 Qd4 78. d7 Nf6 79. Qxg5+ Kf7 80. Qf5 Qxd7 81. Qxe5 1-0

[Event "Wch U14 Girls"]
[Site "Khanty-Mansiysk"]
[Date "2016.10.02"]
[Round "10"]
[White "Koroleva, Evgeniya"]
[Black "Urh, Zala"]
[Result "0-1"]
[WhiteElo "1970"]
[BlackElo "1939"]
[PlyCount "86"]
[EventDate "2016.09.22"]
[EventType "swiss"]
[EventRounds "11"]
[EventCountry "RUS"]
[SourceTitle "EXT 2017"]
[Source "ChessBase"]
[SourceDate "2016.10.25"]
[SourceVersion "1"]
[SourceVersionDate "2016.10.25"]
[SourceQuality "1"]

1. d4 Nf6 2. c4 e6 3. Nf3 d5 4. cxd5 exd5 5. Nc3 Be7 6. Bg5 h6 7. Bh4 0-0 8. e3 b6 9. Bd3 Bb7 10. 0-0 c5 11. Qc2 Nc6 12. a3 c4 13. Bf5 a6 14. Rad1 b5 15. Ne5 Na7 16. Qe2 a5 17. Bb1 Qe8 18. Qc2 g6 19. Ne2 b4 20. f4 Nb5 21. axb4 axb4 22. Rf3 Nd6 23. Rh3 Bc8 24. Bxf6 Bxh3 25. Bxe7 Bf5 26. Bxd6 Bxc2 27. Bxc2 Qb5 28. Bxf8 Kxf8 29. Ng3 Ra2 30. Rb1 Qa5 31. Rf1 Rxb2 32. Bb1 b3 33. Bxg6 Qd2 34. Nd7+ Ke7 35. Nf5+ Kxd7 36. Nh4 fxg6 37. f5 gxf5 38. h3 c3 39. Rxf5 c2 40. Rxd5+ Ke6 41. Re5+ Kf6 42. Rf5+ Kg7 43. Rf1 c1Q 0-1

[Event "Wch U14 Girls"]
[Site "Khanty-Mansiysk"]
[Date "2016.09.28"]
[Round "6"]
[White "Koroleva, Evgeniya"]
[Black "Vantika, Agrawal"]
[Result "0-1"]
[WhiteElo "1970"]
[BlackElo "2012"]
[PlyCount "122"]
[EventDate "2016.09.22"]
[EventType "swiss"]
[EventRounds "11"]
[EventCountry "RUS"]
[SourceTitle "EXT 2017"]
[Source "ChessBase"]
[SourceDate "2016.10.25"]
[SourceVersion "1"]
[SourceVersionDate "2016.10.25"]
[SourceQuality "1"]

1. d4 Nf6 2. c4 g6 3. Nc3 Bg7 4. e4 d6 5. Be2 0-0 6. Bg5 Na6 7. Qd2 e5 8. d5 c6 9. f3 cxd5 10. cxd5 Bd7 11. Bd1 b5 12. a3 b4 13. axb4 Nxb4 14. Nge2 Qb8 15. 0-0 Rc8 16. Na4 Be8 17. Nec3 Nd7 18. Be2 a5 19. Rfb1 f5 20. g3 f4 21. Bh4 Nb6 22. Nxb6 Qxb6+ 23. Kg2 Qd4 24. Rd1 Qxd2 25. Rxd2 fxg3 26. Bg5 gxh2 27. Bd1 Kf7 28. Kxh2 Bf6 29. Be3 Bh4 30. Be2 Ke7 31. Ra3 Bd7 32. Bd1 Ke8 33. Kg1 h5 34. Bb6 Bd8 35. Bxd8 Rxd8 36. Ba4 Rdc8 37. Bxd7+ Kxd7 38. Kh2 Ra6 39. Rd1 Nc2 40. Ra2 Nd4 41. Kg3 Rf8 42. Rd3 Raa8 43. Ra1 g5 44. Na4 h4+ 45. Kf2 Rab8 46. Rg1 Rb4 47. Ra3 Rg8 48. Ra2 h3 49. Rh1 g4 50. fxg4 Rf8+ 51. Kg3 Rf3+ 52. Kh4 Rb8 53. Ra3 Rh8+ 54. Kg5 Rg8+ 55. Kh5 Rf7 56. Kh4 Ne2 57. Kxh3 Rh7+ 58. Kg2 Nf4+ 59. Kg3 Rxh1 60. Nb6+ Ke7 61. Nc4 Rh3+ 0-1

[Event "Wch U14 Girls"]
[Site "Khanty-Mansiysk"]
[Date "2016.09.25"]
[Round "4"]
[White "Koroleva, Evgeniya"]
[Black "Salonika, Saina"]
[Result "1/2-1/2"]
[WhiteElo "1970"]
[BlackElo "2093"]
[PlyCount "85"]
[EventDate "2016.09.22"]
[EventType "swiss"]
[EventRounds "11"]
[EventCountry "RUS"]
[SourceTitle "EXT 2017"]
[Source "ChessBase"]
[SourceDate "2016.10.25"]
[SourceVersion "1"]
[SourceVersionDate "2016.10.25"]
[SourceQuality "1"]

1. d4 Nf6 2. c4 g6 3. Nc3 Bg7 4. e4 d6 5. Be2 0-0 6. Bg5 Na6 7. Qd2 e5 8. d5 c6 9. f3 cxd5 10. cxd5 Bd7 11. h4 h5 12. Nh3 Qa5 13. Nf2 b5 14. Nxb5 Nb4 15. Nc3 Qb6 16. 0-0 a5 17. Be3 Qb8 18. b3 Nh7 19. Bh6 f5 20. Bxg7 Kxg7 21. f4 exf4 22. Qxf4 fxe4 23. Qxe4 Qb6 24. Rad1 Rae8 25. Qd4+ Qxd4 26. Rxd4 Nxa2 27. Nce4 Nb4 28. Bf3 Nc2 29. Rd2 Ne3 30. Ra1 Nf5 31. Rxa5 Nxh4 32. Ra7 Re7 33. Rc2 Nxf3+ 34. gxf3 Rxf3 35. Rcc7 Nf8 36. Nxd6 Rxb3 37. Kg2 h4 38. Nde4 h3+ 39. Kg1 Rb1+ 40. Kh2 Rb2 41. Kh1 Rb1+ 42. Kh2 Rb2 43. Kh1 1/2-1/2

[Event "Wch U14 Girls"]
[Site "Khanty-Mansiysk"]
[Date "2016.09.23"]
[Round "2"]
[White "Koroleva, Evgeniya"]
[Black "Idirisinghe, IMNH"]
[Result "1-0"]
[WhiteElo "1970"]
[BlackElo "1436"]
[PlyCount "110"]
[EventDate "2016.09.22"]
[EventType "swiss"]
[EventRounds "11"]
[EventCountry "RUS"]
[SourceTitle "EXT 2017"]
[Source "ChessBase"]
[SourceDate "2016.10.25"]
[SourceVersion "1"]
[SourceVersionDate "2016.10.25"]
[SourceQuality "1"]

1. d4 d5 2. c4 e6 3. Nc3 c5 4. cxd5 exd5 5. Nf3 Nc6 6. g3 Nf6 7. Bg2 Be7 8. 0-0 0-0 9. dxc5 Bxc5 10. Bg5 d4 11. Ne4 Be7 12. Bxf6 Bxf6 13. Qd2 Bf5 14. Nxf6+ Qxf6 15. Qf4 Rab8 16. Rfd1 Rfd8 17. Nh4 Ne7 18. Nxf5 Qxf5 19. Rxd4 Qxf4 20. Rxd8+ Rxd8 21. gxf4 b6 22. Rc1 Ng6 23. e3 Kf8 24. Be4 Nh4 25. h3 Ke7 26. Rc7+ Rd7 27. Rxd7+ Kxd7 28. Kf1 f5 29. Ba8 Ng6 30. Ke2 Kd6 31. Kd3 Ke6 32. Kd4 Kd6 33. Kc4 a5 34. Kb5 Kc7 35. Bd5 Ne7 36. Be6 Kd6 37. Bc4 Kc7 38. Bd3 Nc8 39. Kc4 Nd6+ 40. Kd4 Kd7 41. Ke5 g6 42. h4 Nf7+ 43. Kf6 Nh6 44. f3 Ng8+ 45. Kg7 Ne7 46. Kxh7 Kc6 47. Kg7 Kd6 48. Kf6 Nd5+ 49. Kxg6 Nxe3 50. h5 Nd5 51. Kxf5 Ne7+ 52. Kg5 Ng8 53. h6 Nxh6 54. Kxh6 Ke6 55. Kg6 Ke7 1-0

[Event "EU-ch U14 Girls 26th"]
[Site "Prague"]
[Date "2016.08.20"]
[Round "3"]
[White "Koroleva, Evgeniya"]
[Black "Golsta, Madara"]
[Result "1-0"]
[WhiteElo "1940"]
[BlackElo "1675"]
[PlyCount "63"]
[EventDate "2016.08.18"]
[EventType "swiss"]
[EventRounds "9"]
[EventCountry "CZE"]
[SourceTitle "CBM 174 Extra"]
[Source "ChessBase"]
[SourceDate "2016.10.10"]
[SourceVersion "1"]
[SourceVersionDate "2016.10.10"]
[SourceQuality "1"]

1. d4 Nf6 2. c4 c5 3. d5 b5 4. cxb5 a6 5. bxa6 g6 6. Nc3 Bxa6 7. e4 Bxf1 8. Kxf1 d6 9. Nf3 Nbd7 10. g3 Bg7 11. Kg2 0-0 12. a4 Nb6 13. Qc2 Qd7 14. Bd2 Rfb8 15. b3 Ne8 16. Rab1 c4 17. bxc4 Nxc4 18. Rxb8 Rxb8 19. Nb5 Nxd2 20. Nxd2 Rc8 21. Qd3 Nc7 22. Rc1 Bh6 23. Rxc7 Rxc7 24. Nxc7 Qxc7 25. Qc4 Qa7 26. Nb3 Bg5 27. a5 Bf6 28. a6 Kg7 29. Na5 Qa8 30. Nc6 e6 31. a7 exd5 32. exd5 1-0

[Event "EU-ch U14 Girls 26th"]
[Site "Prague"]
[Date "2016.08.18"]
[Round "1"]
[White "Koroleva, Evgeniya"]
[Black "Katkov, Michelle"]
[Result "1-0"]
[WhiteElo "1940"]
[BlackElo "1619"]
[PlyCount "99"]
[EventDate "2016.08.18"]
[EventType "swiss"]
[EventRounds "9"]
[EventCountry "CZE"]
[SourceTitle "CBM 174 Extra"]
[Source "ChessBase"]
[SourceDate "2016.10.10"]
[SourceVersion "1"]
[SourceVersionDate "2016.10.10"]
[SourceQuality "1"]

1. d4 Nf6 2. c4 e6 3. Nc3 Bb4 4. a3 Bxc3+ 5. bxc3 c5 6. e3 0-0 7. Bd3 d6 8. e4 Nc6 9. Ne2 e5 10. d5 Ne7 11. h3 Ng6 12. g3 Ne8 13. Qc2 Qf6 14. Rh2 Bd7 15. Be3 Nc7 16. h4 h6 17. a4 a6 18. a5 Rab8 19. Rb1 Na8 20. h5 Nh8 21. f4 Rfc8 22. Qa2 Qd8 23. fxe5 dxe5 24. Ng1 f6 25. Nf3 Bg4 26. Nd2 Qd6 27. Nb3 b6 28. axb6 Rxb6 29. Qa5 Qb8 30. Rhb2 Bxh5 31. Bxc5 Rb7 32. Qa3 Qc7 33. Bf2 Rcb8 34. Nc5 Rxb2 35. Rxb2 Rxb2 36. Qxb2 a5 37. Ne6 Qc8 38. c5 Nc7 39. Nxc7 Qxc7 40. d6 Qd7 41. Bb5 Qg4 42. Qc2 Nf7 43. Bc4 Qd7 44. Bd5 Kf8 45. Qb3 Nd8 46. Qb6 Be8 47. Qxa5 Qb5 48. Qxd8 Qb1+ 49. Ke2 Qc2+ 50. Kf1 1-0